| 000 | 00529nam a2200181 i 4500 | ||
|---|---|---|---|
| 001 | 22904 | ||
| 003 | ES-MaACL | ||
| 005 | 20240521124633.0 | ||
| 007 | t| | ||
| 008 | 021205s1970 sp ||||1| spa d | ||
| 100 | 1 |
_aAlvar, Manuel, _d1923-2001 _920583 |
|
| 245 | 1 | 3 |
_aEl romancero _b: tradicionalidad y pervivencia / _cManuel Alvar. |
| 250 | _a[1ยช ed.]. | ||
| 260 |
_aBarcelona : _bPlaneta, _c[1970] |
||
| 300 |
_a326 p. : _b12 map. ; _c22 cm. |
||
| 852 |
_aES-MaACL _jC-38585 _bR.75442 |
||
| 999 |
_c22904 _d22904 |
||